Flora inventory in school forest of royal university of agriculture in sandann district kampong thom province, ការធ្វើសារពើភណ្ឌរុក្ខជាតិព្រៃឈើនៅក្នុងសាលាព្រៃឈើរបស់សាកលវិទ្យាល័យភូមិន្ទកសិកម្ម នៅស្រុកសណ្ដាន់ ខេត្តកំពង់ធំ (Record no. 3355)
[ view plain ]
| 000 -LEADER | |
|---|---|
| fixed length control field | 00794nam a22001577a 4500 |
| 003 - CONTROL NUMBER IDENTIFIER | |
| control field | OSt |
| 005 - DATE AND TIME OF LATEST TRANSACTION | |
| control field | 20151112141138.0 |
| 008 - FIXED-LENGTH DATA ELEMENTS--GENERAL INFORMATION | |
| fixed length control field | 151112b xxu||||| |||| 00| 0 eng d |
| 040 ## - CATALOGING SOURCE | |
| Transcribing agency | RUA |
| 082 ## - DEWEY DECIMAL CLASSIFICATION NUMBER | |
| Classification number | FOR PIN 2007 B134 Or.1 |
| 100 ## - MAIN ENTRY--PERSONAL NAME | |
| 9 (RLIN) | 3604 |
| Personal name | PIN, CHANTTANAK. |
| 245 ## - TITLE STATEMENT | |
| Title | Flora inventory in school forest of royal university of agriculture in sandann district kampong thom province, ការធ្វើសារពើភណ្ឌរុក្ខជាតិព្រៃឈើនៅក្នុងសាលាព្រៃឈើរបស់សាកលវិទ្យាល័យភូមិន្ទកសិកម្ម នៅស្រុកសណ្ដាន់ ខេត្តកំពង់ធំ |
| 260 ## - PUBLICATION, DISTRIBUTION, ETC. (IMPRINT) | |
| Place of publication, distribution, etc. | Phnom Penh |
| Name of publisher, distributor, etc. | RUA |
| Date of publication, distribution, etc. | 2007 |
| 300 ## - PHYSICAL DESCRIPTION | |
| Extent | x; 58p. |
| Other physical details | ill. |
| Dimensions | 29cm. |
| 942 ## - ADDED ENTRY ELEMENTS (KOHA) | |
| Source of classification or shelving scheme | |
| Koha item type | FIS |
| Price effective from | Date last seen | Permanent Location | Not for loan | Date acquired | Source of classification or shelving scheme | Koha item type | Lost status | Withdrawn status | Total Renewals | Date last checked out | Total Checkouts | Shelving location | Damaged status | Barcode | Current Location | Full call number |
|---|---|---|---|---|---|---|---|---|---|---|---|---|---|---|---|---|
| 2015-11-12 | 2026-04-22 | Library Block B | 2015-11-12 | FOR | 2026-03-10 | 1 | B134 | RUA42103 | Library Block B | FOR PIN 2007 B134 Or.1 | ||||||
| 2015-11-12 | 2015-11-12 | Library Block B | 2015-11-12 | FOR | B134 | RUA002247 | Library Block B | FOR PIN 2007 B134 Or.2 | ||||||||
| 2015-11-12 | 2021-02-01 | Library Block B | 2015-11-12 | FOR | 2021-01-25 | 1 | B134 | RUA41604 | Library Block B | FOR PIN 2007 B134 Or.3 | ||||||
| 2015-11-12 | 2021-12-10 | Library Block B | 2015-11-12 | FOR | 1 | 2021-11-29 | 2 | B134 | RUA41825 | Library Block B | FOR PIN 2007 B134 Or.4 | |||||
| 2015-11-12 | 2016-07-12 | Library Block B | 2015-11-12 | FOR | 1 | 2016-06-14 | 1 | B134 | RUA41781 | Library Block B | FOR PIN 2007 B134 Or.5 | |||||
| 2015-11-12 | 2015-11-12 | Library Block B | 2015-11-12 | FOR | B134 | RUA41768 | Library Block B | FOR PIN 2007 B134 Or.6 |